[Event "Karpos Open 2013"]
[Site "Skopje MKD"]
[Date "2013.03.10"]
[Round "2.86"]
[White "Anastasovski, Nikola"]
[Black "Silivri, Volkan Resat"]
[Result "1-0"]
[WhiteElo "2065"]
[BlackElo "1674"]
[WhiteFideId "2605503"]
[BlackFideId "6331521"]
[EventDate "2013.03.09"]

1. e4 d5 2. exd5 Qxd5 3. Nc3 Qa5 4. Bc4 Nf6 5. h3 Bf5 6. d3 c6 7. Bd2 e6 8. Nf3
Be7 9. O-O Nbd7 10. a3 Qc7 11. Nh4 Bg6 12. Nxg6 hxg6 13. Re1 O-O-O 14. b4 Ne5
15. Qe2 Nxc4 16. dxc4 Ng4 17. Qxg4 Rxd2 18. Re2 Rxe2 19. Nxe2 Rh4 20. Qf3 Bf6
21. Rd1 Rxc4 22. c3 Qe5 23. Nd4 Qh5 24. Qd3 Qd5 25. Ne2 Bxc3 26. Nxc3 Rxc3 27.
Qe2 Qg5 28. Qb2 Qf6 29. Qd2 Kc7 30. a4 a6 31. Qd6+ Kb6 32. Qb8 a5 33. bxa5+ Kxa5
34. Qa7+ Kb4 35. Qxb7+ Kc5 36. Qa7+ Kc4 37. Qb6 Qf4 38. Qxc6+ Kb4 39. Qb5+ 1-0

[Event "Karpos Open 2013"]
[Site "Skopje MKD"]
[Date "2013.03.10"]
[Round "2.88"]
[White "Ilic, Slobodan R"]
[Black "Uyanik, Mehmet"]
[Result "1-0"]
[WhiteElo "2052"]
[BlackElo "1672"]
[WhiteFideId "941832"]
[BlackFideId "6363164"]
[EventDate "2013.03.09"]

1. Nf3 c5 2. g3 Nf6 3. Bg2 d5 4. O-O g6 5. c4 e6 6. cxd5 exd5 7. d4 Bg7 8. Nc3
O-O 9. Bf4 a6 10. dxc5 Nc6 11. Na4 Bf5 12. Nb6 Ra7 13. Nd4 Nxd4 14. Qxd4 Re8 15.
Be5 Qe7 16. f4 Nh5 17. Nxd5 Qd8 18. Bxg7 Nxg7 19. e4 Be6 20. Nf6+ Kh8 21. Rfd1
Qxd4+ 22. Rxd4 Rc8 23. Rad1 Raa8 24. a3 Bb3 25. Rc1 Ne6 26. Rb4 Rxc5 27. Rxc5
Nxc5 28. e5 a5 29. Bxb7 Rb8 30. Rb5 Rxb7 31. Rxc5 a4 32. Rc8+ Kg7 33. g4 Bd1 34.
Rg8+ 1-0

[Event "Karpos Open 2013"]
[Site "Skopje MKD"]
[Date "2013.03.10"]
[Round "2.90"]
[White "Zemlicka, Vit"]
[Black "Peev, Kosta"]
[Result "1-0"]
[WhiteElo "2043"]
[BlackElo "1648"]
[WhiteFideId "303143"]
[BlackFideId "15001660"]
[EventDate "2013.03.09"]

1. e4 c5 2. Nf3 Nc6 3. d4 cxd4 4. Nxd4 g6 5. Nc3 Bg7 6. Be3 Nf6 7. Bc4 O-O 8.
Bb3 a5 9. f3 d5 10. Bxd5 Nxd5 11. exd5 Nb4 12. Nde2 Bf5 13. Rc1 Rc8 14. a3 Na6
15. Nd4 Bd7 16. O-O b5 17. Ndxb5 Bxb5 18. Nxb5 Bxb2 19. Rb1 Bg7 20. Qd2 Qd7 21.
Rfd1 Rc4 22. Qxa5 Nc5 23. Nd4 Na4 24. Rb4 Rfc8 25. Nc6 Bc3 26. Qxa4 Bxb4 27.
axb4 R4xc6 28. Rd3 R6c7 29. Qxd7 Rxd7 30. Bc5 Kg7 31. c4 Kf6 32. Ra3 Ke5 33.
Re3+ Kf5 34. Ra3 Ke5 35. Kf2 f5 36. Ra6 f4 37. Re6+ Kf5 38. Re4 Rdc7 39. Ke2 g5
40. Kd3 Kf6 41. Bb6 Rd7 42. Kd4 Ra8 43. Ba5 Rxa5 44. bxa5 Ra7 45. Re6+ Kf7 46.
a6 Ke8 47. Kc5 Kd7 48. Kb6 Rc7 49. Rxe7+ 1-0

[Event "Karpos Open 2013"]
[Site "Skopje MKD"]
[Date "2013.03.10"]
[Round "2.91"]
[White "Ipekci, Baris"]
[Black "Markovski, Velo"]
[Result "1/2-1/2"]
[WhiteElo "1671"]
[BlackElo "2042"]
[WhiteFideId "6302823"]
[BlackFideId "15002233"]
[EventDate "2013.03.09"]

1. e4 d5 2. e5 c5 3. c3 Nc6 4. d4 Bf5 5. Bd3 Bxd3 6. Qxd3 e6 7. Ne2 Nge7 8. O-O
Nf5 9. Nd2 Qb6 10. Nf3 Be7 11. Bd2 O-O 12. g4 c4 13. Qc2 Nh4 14. Nxh4 Bxh4 15.
Nf4 Qd8 16. Nh5 f5 17. exf6 g6 18. Ng3 Qxf6 19. f4 Bxg3 20. hxg3 Rf7 21. Kg2
Raf8 22. Rh1 e5 23. dxe5 Nxe5 24. g5 Qb6 25. fxe5 Qf2+ 26. Kh3 Rf3 27. Rag1 Rd3
28. Rg2 Qf5+ 29. Kh2 Qxe5 30. Bf4 Rxf4 31. gxf4 Qxf4+ 32. Kg1 Qf3 33. Qf2 Rd1+
34. Kh2 Qh5+ 35. Kg3 Qxg5+ 36. Kf3 Qf5+ 37. Kg3 Qxf2+ 38. Rxf2 Rxh1 39. Rd2 Rh5
40. b3 b5 41. bxc4 bxc4 42. Rb2 Re5 43. Kf4 Re7 44. Rb5 Re2 45. a4 Rc2 46. Rxd5
Rxc3 47. Rd8+ Kg7 48. Rd7+ Kh6 49. Rxa7 Rh3 50. Rc7 c3 51. a5 Rh5 52. a6 Ra5 53.
a7 c2 54. Rxc2 Rxa7 55. Rh2+ Kg7 56. Rb2 Ra4+ 57. Ke5 h5 58. Rb7+ Kh6 59. Rb1 h4
60. Rb6 Ra5+ 61. Kf4 Rf5+ 62. Kg4 Rh5 63. Rb8 h3 64. Rh8+ 1/2-1/2

[Event "Karpos Open 2013"]
[Site "Skopje MKD"]
[Date "2013.03.10"]
[Round "2.93"]
[White "Onal, Ozan"]
[Black "Minas, Ioannis"]
[Result "0-1"]
[WhiteElo "1461"]
[BlackElo "2019"]
[WhiteFideId "6356362"]
[BlackFideId "4251857"]
[EventDate "2013.03.09"]

1. e4 e5 2. Nf3 Nc6 3. d4 f5 4. Nc3 fxe4 5. Nxe4 d5 6. Nc3 e4 7. Ng1 Nf6 8. Bb5
Be7 9. h3 O-O 10. Nge2 a6 11. Ba4 b5 12. Bb3 Na5 13. O-O c6 14. Ng3 Kh8 15. Nce2
Qe8 16. Be3 Bd6 17. Qd2 Nc4 18. Qc1 Bd7 19. c3 Nh5 20. Nxh5 Qxh5 21. Nf4 Bxf4
22. Bxf4 Nxb2 23. Bd6 Nd3 24. Qe3 Rf6 25. Bg3 Raf8 26. Rab1 Qg6 27. Bc2 Nf4 28.
Bxf4 Rxf4 29. Kh2 Qf6 30. Kg1 Qg6 31. Kh2 Qd6 32. Kg1 R8f6 33. a4 Rg6 34. Bd1
Rh4 35. Kh1 Rgh6 36. Qg3 Bxh3 0-1

[Event "Karpos Open 2013"]
[Site "Skopje MKD"]
[Date "2013.03.10"]
[Round "3.1"]
[White "Dvirnyy, Danyyil"]
[Black "Berkes, Ferenc"]
[Result "1/2-1/2"]
[WhiteTitle "IM"]
[BlackTitle "GM"]
[WhiteElo "2530"]
[BlackElo "2702"]
[WhiteFideId "817570"]
[BlackFideId "718572"]
[EventDate "2013.03.09"]

1. d4 Nf6 2. c4 e6 3. Nc3 Bb4 4. Qc2 O-O 5. Bg5 d6 6. e3 b6 7. Ne2 Bb7 8. a3
Bxc3+ 9. Nxc3 Nbd7 10. e4 h6 11. Bh4 e5 1/2-1/2

[Event "Karpos Open 2013"]
[Site "Skopje MKD"]
[Date "2013.03.10"]
[Round "3.6"]
[White "Mastrovasilis, Athanasios"]
[Black "Parligras, Mircea-Emilian"]
[Result "1/2-1/2"]
[WhiteTitle "GM"]
[BlackTitle "GM"]
[WhiteElo "2497"]
[BlackElo "2616"]
[WhiteFideId "4201990"]
[BlackFideId "1204297"]
[EventDate "2013.03.09"]

1. d4 Nf6 2. c4 e6 3. g3 d5 4. Bg2 Bb4+ 5. Bd2 Be7 6. Nf3 O-O 7. O-O c6 8. Bf4
Nbd7 9. Nc3 b6 10. Rc1 dxc4 11. Nd2 1/2-1/2

[Event "Karpos Open 2013"]
[Site "Skopje MKD"]
[Date "2013.03.10"]
[Round "3.9"]
[White "Can, Emre"]
[Black "Romanov, Evgeny"]
[Result "1/2-1/2"]
[WhiteTitle "GM"]
[BlackTitle "GM"]
[WhiteElo "2474"]
[BlackElo "2603"]
[WhiteFideId "6302181"]
[BlackFideId "4148843"]
[EventDate "2013.03.09"]

1. d4 d5 2. Nf3 Nf6 3. c4 dxc4 4. Na3 g6 5. Nxc4 Bg7 6. g3 O-O 7. Bg2 Nbd7 8.
O-O Nb6 9. Na5 c6 10. Nb3 a5 11. a4 Nbd5 12. Ne5 Nd7 13. e4 Nb4 14. Nc4 b6 15.
Bg5 Ba6 16. Rc1 Na2 17. Rc2 Nb4 18. Rc1 Na2 19. Rc2 Nb4 20. Rc1 1/2-1/2

[Event "Karpos Open 2013"]
[Site "Skopje MKD"]
[Date "2013.03.10"]
[Round "3.10"]
[White "Raznikov, Danny"]
[Black "Yemelin, Vasily"]
[Result "0-1"]
[WhiteTitle "IM"]
[BlackTitle "GM"]
[WhiteElo "2474"]
[BlackElo "2574"]
[WhiteFideId "2811154"]
[BlackFideId "4113217"]
[EventDate "2013.03.09"]

1. d4 Nf6 2. c4 e6 3. Nf3 b6 4. g3 Bb7 5. Bg2 Be7 6. Nc3 O-O 7. O-O Ne4 8. Qc2
Nxc3 9. Qxc3 c5 10. Be3 d6 11. Rad1 Nd7 12. dxc5 bxc5 13. Bf4 Nf6 14. Qc2 Qb6
15. Ng5 Bxg2 16. Kxg2 Rfd8 17. Rd2 Qb7+ 18. f3 d5 19. cxd5 exd5 20. Rfd1 h6 21.
Nh3 d4 22. Rd3 Qa6 23. b3 Rac8 24. Nf2 Nd5 25. Bd2 Bg5 26. f4 Bf6 27. Kg1 Re8
28. Re1 c4 29. bxc4 Rxc4 30. Qb3 h5 31. Kf1 Qc6 32. e4 dxe3 33. Bxe3 Nxe3+ 34.
Rdxe3 Rxe3 35. Rxe3 Rc1+ 36. Re1 Qa6+ 37. Qd3 Rxe1+ 38. Kxe1 Qxa2 39. Ne4 Qxh2
40. Qd5 h4 41. Qa8+ Kh7 42. Qd5 Be7 43. Qb7 Bd8 44. Qd5 Be7 45. Qb7 Bd8 46. Qd5
Qc2 47. gxh4 Bxh4+ 48. Kf1 Qc1+ 49. Kg2 Qxf4 0-1

[Event "Karpos Open 2013"]
[Site "Skopje MKD"]
[Date "2013.03.10"]
[Round "3.12"]
[White "Baron, Tal"]
[Black "Nabaty, Tamir"]
[Result "0-1"]
[WhiteTitle "GM"]
[BlackTitle "GM"]
[WhiteElo "2465"]
[BlackElo "2566"]
[WhiteFideId "2809958"]
[BlackFideId "2809052"]
[EventDate "2013.03.09"]

1. d4 d5 2. c4 c6 3. cxd5 cxd5 4. Nc3 Nc6 5. Bf4 e5 6. Bxe5 Nxe5 7. dxe5 d4 8.
Ne4 Bb4+ 9. Nd2 Ne7 10. a3 Ba5 11. Qa4+ Nc6 12. b4 Bc7 13. Ngf3 O-O 14. g3 Nxe5
15. Bg2 Bd7 16. Qb3 Be6 17. Qb2 Qf6 18. Nxd4 Bb6 19. Ne4 Nd3+ 20. exd3 Qe5 21.
f4 Bxd4 22. fxe5 Bxb2 23. Rb1 Bxe5 24. Nc5 Ba2 25. Rc1 Rad8 26. Bxb7 Bb2 27. Rc2
Bxa3 28. O-O Bd5 29. Ra1 Bxb4 30. Rxa7 Rfe8 31. Bxd5 Rxd5 32. Na6 Ra5 33. Rb7
Bf8 34. Nc7 Rd8 35. Nb5 Ra1+ 36. Kg2 Rb1 37. Rcc7 Rb2+ 38. Kh3 Rd5 39. Nd6 Rxb7
40. Nxb7 Rxd3 41. Nc5 Rd8 42. Rd7 Rc8 43. Ne4 Rc6 44. g4 Re6 45. Rd4 Be7 46. Kg3
g6 47. Kf3 h6 48. Rc4 Rb6 49. h3 Bh4 50. Rc8+ Kg7 51. Rc7 Rb3+ 52. Rc3 Rb2 53.
Rc7 Kf8 54. Nd6 Rf2+ 55. Ke3 Rf1 56. Ke2 Rf4 57. Rc4 Rf2+ 58. Ke3 Rh2 59. Rc7
Rxh3+ 60. Ke4 Be7 61. Rc8+ Kg7 62. Ne8+ Kh7 63. Rc7 Rh1 0-1

[Event "Karpos Open 2013"]
[Site "Skopje MKD"]
[Date "2013.03.10"]
[Round "3.14"]
[White "Kovacevic, Aleksandar"]
[Black "Perunovic, Miodrag"]
[Result "1-0"]
[WhiteTitle "GM"]
[BlackTitle "IM"]
[WhiteElo "2563"]
[BlackElo "2445"]
[WhiteFideId "903124"]
[BlackFideId "919993"]
[EventDate "2013.03.09"]

1. e4 c6 2. Nc3 d5 3. Nf3 Bg4 4. h3 Bh5 5. exd5 cxd5 6. Bb5+ Nc6 7. g4 Bg6 8.
Ne5 Rc8 9. d4 e6 10. Qe2 Bb4 11. h4 Ne7 12. h5 Be4 13. f3 O-O 14. Nxc6 Nxc6 15.
Be3 a6 16. Bxc6 Rxc6 17. fxe4 Rxc3 18. bxc3 Bxc3+ 19. Kf2 Bxa1 20. Rxa1 dxe4 21.
Kg2 f5 22. Rf1 b5 23. c4 Qd7 24. c5 h6 25. Qc2 Kh7 26. c6 Qe7 27. c7 Qh4 28. Rf4
Rc8 29. Qc6 Qe7 30. gxf5 Rxc7 31. Qxe4 Qg5+ 32. Kf1 Qxh5 33. fxe6+ Kg8 34. Qa8+
Kh7 35. Qe4+ Kg8 36. e7 1-0

[Event "Karpos Open 2013"]
[Site "Skopje MKD"]
[Date "2013.03.10"]
[Round "3.17"]
[White "Kohlweyer, Bernd"]
[Black "Saric, Ante"]
[Result "1/2-1/2"]
[WhiteTitle "IM"]
[BlackTitle "GM"]
[WhiteElo "2458"]
[BlackElo "2549"]
[WhiteFideId "4600622"]
[BlackFideId "14506254"]
[EventDate "2013.03.09"]

1. d4 Nf6 2. c4 e6 3. Nc3 Bb4 4. Qc2 O-O 5. a3 Bxc3+ 6. Qxc3 d5 7. Bg5 dxc4 8.
Qxc4 b6 9. Rd1 Ba6 10. Qa4 Qd7 1/2-1/2

[Event "Karpos Open 2013"]
[Site "Skopje MKD"]
[Date "2013.03.10"]
[Round "3.18"]
[White "Bogdanovski, Vlatko"]
[Black "Nevednichy, Vladislav"]
[Result "1/2-1/2"]
[WhiteTitle "GM"]
[BlackTitle "GM"]
[WhiteElo "2444"]
[BlackElo "2548"]
[WhiteFideId "15000206"]
[BlackFideId "1205730"]
[EventDate "2013.03.09"]

1. Nf3 c5 2. g3 g6 3. Bg2 Bg7 4. d4 cxd4 5. Nxd4 Nc6 6. Nxc6 bxc6 7. O-O Ba6 8.
Nd2 Nf6 9. c4 Qa5 10. a3 O-O 11. Rb1 d5 12. b4 Qb6 13. Bb2 Rad8 14. Qc2 Rfe8 15.
e3 e5 16. Rfd1 Bc8 17. cxd5 cxd5 18. Rbc1 Bg4 19. Re1 Rc8 20. Qb3 Rcd8 21. Qc2
Rc8 22. Qb3 1/2-1/2

[Event "Karpos Open 2013"]
[Site "Skopje MKD"]
[Date "2013.03.10"]
[Round "3.22"]
[White "Valsecchi, Alessio"]
[Black "Georgiev, Kiril"]
[Result "0-1"]
[WhiteTitle "IM"]
[BlackTitle "GM"]
[WhiteElo "2435"]
[BlackElo "2657"]
[WhiteFideId "818860"]
[BlackFideId "2900017"]
[EventDate "2013.03.09"]

1. d4 Nf6 2. Nf3 e6 3. c4 b6 4. g3 Ba6 5. b3 b5 6. Bg2 bxc4 7. Ne5 Bb4+ 8. Bd2
cxb3 9. axb3 Bxd2+ 10. Qxd2 d5 11. O-O O-O 12. Rc1 Qd6 13. Rc6 Nxc6 14. Rxa6 Qb4
15. Nxc6 Qxb3 16. Nc3 Qc4 17. Qd3 Qxd3 18. exd3 Nd7 19. Nb5 Nb8 20. Ne7+ Kh8 21.
Rxa7 Rxa7 22. Nxa7 g5 23. h3 Kg7 24. Nec6 Nxc6 25. Nxc6 Ra8 26. Ne5 Ra4 27. Nf3
h6 28. Kf1 f5 29. g4 Kf6 30. Kg1 Rb4 31. Bf1 Rb2 32. Kg2 Rc2 33. Ne5 Ra2 34.
Nd7+ Ke7 35. Ne5 Rc2 36. Nf3 Rb2 37. Ne5 Ra2 38. Kg3 Rc2 39. gxf5 exf5 40. Bg2
Ke6 41. Bf3 c5 42. Bh5 cxd4 43. Nf3 Kf6 44. Nxd4 Rc3 45. Be2 Ra3 46. Bf1 Ra4 47.
Nf3 h5 48. Nh2 Ra2 49. d4 Ra3+ 50. Kg2 Ra4 51. Be2 g4 52. hxg4 fxg4 53. Nf1 Rxd4
54. f3 gxf3+ 55. Bxf3 Kg5 56. Kf2 Rf4 57. Ng3 h4 58. Ne2 Rf5 59. Nd4 Rf7 60. Kg2
Rd7 61. Kh3 Rd6 62. Kg2 Kf4 63. Kf2 Ke5 64. Ne2 d4 65. Ng1 Ra6 66. Be2 Ra2 67.
Kf3 Ra3+ 68. Kf2 Ke4 69. Bf3+ Kf4 70. Ne2+ Ke5 71. Nc1 Rc3 72. Ne2 Rc2 73. Ke1
d3 0-1

[Event "Karpos Open 2013"]
[Site "Skopje MKD"]
[Date "2013.03.10"]
[Round "3.23"]
[White "Iturrizaga, Eduardo"]
[Black "Dancevski, Orce"]
[Result "1-0"]
[WhiteTitle "GM"]
[BlackTitle "IM"]
[WhiteElo "2650"]
[BlackElo "2395"]
[WhiteFideId "3901211"]
[BlackFideId "15000311"]
[EventDate "2013.03.09"]

1. Nf3 c5 2. c4 Nc6 3. d4 cxd4 4. Nxd4 g6 5. g3 Bg7 6. Nc2 d6 7. Bg2 Be6 8. Ne3
h5 9. h4 Qd7 10. Nc3 Nf6 11. Bd2 Rc8 12. Qa4 O-O 13. Rc1 Rfe8 14. Ned5 Bf5 15.
Ne3 Be6 16. b3 Ng4 17. Ned5 Nf6 18. Bg5 Nh7 19. Be3 Nf6 20. Bg5 Nh7 21. Bd2 Nf6
22. Nb5 a6 23. Nb6 Qd8 24. Nxc8 Qxc8 25. Nc3 Bd7 26. Qa3 Ne5 27. Nd5 Bc6 28. O-O
Qf5 29. Bg5 Nxd5 30. cxd5 Bb5 31. Rfe1 Ng4 32. Bf4 Be5 33. e3 Bf6 34. Qb4 Ne5
35. Bxe5 Bxe5 36. a4 Bd3 37. e4 Qg4 38. Qd2 1-0

[Event "Karpos Open 2013"]
[Site "Skopje MKD"]
[Date "2013.03.10"]
[Round "3.24"]
[White "Jacimovic, Dragoljub"]
[Black "Stevic, Hrvoje"]
[Result "0-1"]
[WhiteTitle "GM"]
[BlackTitle "GM"]
[WhiteElo "2433"]
[BlackElo "2620"]
[WhiteFideId "15000214"]
[BlackFideId "14502569"]
[EventDate "2013.03.09"]

1. d4 Nf6 2. c4 e6 3. Nc3 Bb4 4. e3 b6 5. Ne2 c5 6. a3 Ba5 7. g3 Bb7 8. d5 b5 9.
Bg2 bxc4 10. O-O O-O 11. e4 exd5 12. e5 Ng4 13. f4 d6 14. h3 dxe5 15. Nxd5 e4
16. Bxe4 Qd7 17. hxg4 Rd8 18. Qc2 Bxd5 19. Bxh7+ Kf8 20. Be4 Nc6 21. Nc3 Bxc3
22. bxc3 Qxg4 23. Rf3 Bxe4 24. Qxe4 Rd1+ 25. Kf2 Qh3 0-1

[Event "Karpos Open 2013"]
[Site "Skopje MKD"]
[Date "2013.03.10"]
[Round "3.25"]
[White "Stanojoski, Zvonko"]
[Black "Salgado Lopez, Ivan"]
[Result "0-1"]
[WhiteTitle "GM"]
[BlackTitle "GM"]
[WhiteElo "2413"]
[BlackElo "2619"]
[WhiteFideId "15000257"]
[BlackFideId "2257327"]
[EventDate "2013.03.09"]

1. e4 e6 2. d4 d5 3. Nd2 c5 4. exd5 Qxd5 5. Ngf3 cxd4 6. Bc4 Qd8 7. O-O Nc6 8.
Nb3 a6 9. Nbxd4 Nxd4 10. Nxd4 Qc7 11. Qe2 Bd6 12. Nf3 Ne7 13. Re1 O-O 14. h3 b5
15. Bd3 Bb7 16. a4 b4 17. Ne5 Ng6 18. Nc4 Bc5 19. Be4 Bd5 20. Nd2 Rfd8 21. a5
Qc6 22. Bxd5 Rxd5 23. Nf3 h6 24. Qe4 Rad8 25. Be3 Qb5 26. c4 bxc3 27. bxc3 Bxe3
28. fxe3 Qc5 29. Qb4 Qc7 30. Qb6 Qc4 31. Qb4 Rc8 32. Qxc4 Rxc4 33. Reb1 Rxc3 34.
Rb6 Rxe3 35. Rxa6 Ne5 36. Ra8+ Kh7 37. Nxe5 Rexe5 38. Ra2 Kg6 39. Kh2 h5 40. Ra7
Rf5 41. Ra8 Rb5 42. Ra7 Kf6 43. Ra8 h4 44. a6 Ra5 45. Rxa5 Rxa5 46. Kg1 Ra2 47.
Kf1 g5 48. Ra7 Kg6 49. Ra8 Kf5 50. Ra7 f6 51. Kg1 e5 52. Ra8 Kf4 53. Kh2 Ra1 54.
Ra7 e4 55. Ra8 e3 56. a7 f5 0-1

[Event "Karpos Open 2013"]
[Site "Skopje MKD"]
[Date "2013.03.10"]
[Round "3.26"]
[White "Perunovic, Milos"]
[Black "Goryachkina, Aleksandra"]
[Result "1-0"]
[WhiteTitle "GM"]
[BlackTitle "WGM"]
[WhiteElo "2618"]
[BlackElo "2386"]
[WhiteFideId "921629"]
[BlackFideId "4147103"]
[EventDate "2013.03.09"]

1. e4 c6 2. d4 d5 3. f3 Qb6 4. Nc3 e6 5. a3 Nf6 6. e5 Nfd7 7. f4 c5 8. Nf3 Nc6
9. Be3 cxd4 10. Nxd4 Nxd4 11. Bxd4 Qd8 12. Qf3 Be7 13. O-O-O O-O 14. f5 Bg5+ 15.
Kb1 f6 16. h4 fxe5 17. hxg5 exd4 18. Qh3 Qxg5 19. Qxh7+ Kf7 20. fxe6+ Kxe6 21.
Nb5 Nf6 22. Re1+ Ne4 23. Bd3 Bd7 24. Bxe4 1-0

[Event "Karpos Open 2013"]
[Site "Skopje MKD"]
[Date "2013.03.10"]
[Round "3.27"]
[White "Rodshtein, Maxim"]
[Black "Erturan, Yakup"]
[Result "1-0"]
[WhiteTitle "GM"]
[BlackTitle "IM"]
[WhiteElo "2615"]
[BlackElo "2373"]
[WhiteFideId "2806851"]
[BlackFideId "6301410"]
[EventDate "2013.03.09"]

1. d4 Nf6 2. c4 e6 3. Nf3 b6 4. g3 Ba6 5. Qa4 Bb7 6. Bg2 Be7 7. O-O O-O 8. Nc3
c5 9. dxc5 bxc5 10. Rd1 Qb6 11. Bf4 Rd8 12. Rd2 d6 13. Rad1 Na6 14. Qb5 d5 15.
Qxb6 axb6 16. Ne5 h6 17. cxd5 exd5 18. Nc4 dxc4 19. Bxb7 Rxd2 20. Rxd2 Ra7 21.
Bf3 Nc7 22. Bc6 Ne6 23. Be5 Ra5 24. h3 Kf8 25. e3 Nd8 26. Bb5 Ne4 27. Nxe4 Rxb5
28. Bc3 Nc6 29. Rd7 Nb4 30. Ra7 Ra5 31. Rxa5 bxa5 32. a3 Nd5 33. Bxa5 f5 34. Nd2
c3 35. bxc3 1-0

[Event "Karpos Open 2013"]
[Site "Skopje MKD"]
[Date "2013.03.10"]
[Round "3.28"]
[White "Mastrovasilis, Dimitrios"]
[Black "Ali Marandi, Cemil Can"]
[Result "1-0"]
[WhiteTitle "GM"]
[BlackTitle "FM"]
[WhiteElo "2614"]
[BlackElo "2371"]
[WhiteFideId "4202694"]
[BlackFideId "6300529"]
[EventDate "2013.03.09"]

1. e4 e6 2. d4 d5 3. Nc3 Nf6 4. e5 Nfd7 5. f4 c5 6. Nf3 Nc6 7. Be3 Be7 8. Qd2
O-O 9. Bd3 f6 10. exf6 Bxf6 11. Bb5 cxd4 12. Nxd4 Bxd4 13. Bxd4 a6 14. Bxc6 bxc6
15. O-O c5 16. Bf2 Bb7 17. Rae1 Qb6 18. b4 Qc6 19. bxc5 Nxc5 20. Bd4 Ne4 21.
Nxe4 dxe4 22. Re3 Rf7 23. Rg3 Rd8 24. c3 Qc4 25. Rf2 Rdd7 26. h3 Bd5 27. Kh2 Qb5
28. Qc1 Rb7 29. Qd1 Qd7 30. Rd2 Qb5 31. Be5 Qc5 32. Rd4 Rbd7 33. c4 Bc6 34. Bd6
Qa5 35. Be5 Qd8 36. Qg4 Qe8 37. Rd6 Rde7 38. Qd1 Rd7 39. Qg4 Rde7 40. Rb3 e3 41.
Rxe3 h6 42. Qg6 Qa8 43. Rd4 Be8 44. Rg3 h5 45. Qxh5 Rxf4 46. Qh6 1-0

[Event "Karpos Open 2013"]
[Site "Skopje MKD"]
[Date "2013.03.10"]
[Round "3.29"]
[White "Kozul, Zdenko"]
[Black "Tesik, Csaba"]
[Result "1-0"]
[WhiteTitle "GM"]
[BlackTitle "FM"]
[WhiteElo "2608"]
[BlackElo "2366"]
[WhiteFideId "14502879"]
[BlackFideId "735582"]
[EventDate "2013.03.09"]

1. d4 Nf6 2. Nf3 e6 3. c4 b6 4. g3 Ba6 5. Qc2 Bb4+ 6. Bd2 Be7 7. e4 d5 8. cxd5
Bxf1 9. Kxf1 exd5 10. e5 Ne4 11. Nc3 Nxd2+ 12. Qxd2 Qd7 13. Rc1 Nc6 14. Qd3 Nd8
15. e6 fxe6 16. Ne5 Qc8 17. Qf3 Bf6 18. Nb5 Qa6 19. Qh5+ g6 20. Qe2 O-O 21. Nxc7
Qxe2+ 22. Kxe2 Rc8 23. Nd7 Rf7 24. Nxf6+ Rxf6 25. Nxd5 1-0

[Event "Karpos Open 2013"]
[Site "Skopje MKD"]
[Date "2013.03.10"]
[Round "3.30"]
[White "Van Kampen, Robin"]
[Black "Rudolf, Anna"]
[Result "1-0"]
[WhiteTitle "GM"]
[BlackTitle "WGM"]
[WhiteElo "2592"]
[BlackElo "2292"]
[WhiteFideId "1020854"]
[BlackFideId "722855"]
[EventDate "2013.03.09"]

1. e4 e6 2. d4 d5 3. Nc3 Nf6 4. Bg5 Be7 5. e5 Nfd7 6. Bxe7 Qxe7 7. f4 O-O 8. Nf3
c5 9. dxc5 Nc6 10. Qd2 a6 11. Bd3 Nxc5 12. O-O Rd8 13. Qf2 h6 14. Rad1 Nb4 15.
Nd4 Bd7 16. a3 Nc6 17. Nce2 Na4 18. Rb1 Rac8 19. Nxc6 Bxc6 20. Nd4 Rc7 21. c3
Nc5 22. Qe3 Ba4 23. Rf2 Nb3 24. f5 exf5 25. Nxf5 Qg5 26. Rf4 Bc6 27. g3 Rdc8 28.
h4 d4 29. cxd4 Qd8 30. Bc4 Be4 31. Rxe4 Rxc4 32. Qxb3 1-0

[Event "Karpos Open 2013"]
[Site "Skopje MKD"]
[Date "2013.03.10"]
[Round "3.31"]
[White "Zlatanovic, Boroljub"]
[Black "Brkic, Ante"]
[Result "0-1"]
[WhiteTitle "FM"]
[BlackTitle "GM"]
[WhiteElo "2412"]
[BlackElo "2584"]
[WhiteFideId "916390"]
[BlackFideId "14506688"]
[EventDate "2013.03.09"]

1. Nc3 c5 2. e4 d6 3. Bb5+ Bd7 4. Bxd7+ Qxd7 5. b3 g6 6. Bb2 Bg7 7. d3 Nc6 8.
Nf3 e6 9. O-O Nge7 10. Qd2 O-O 11. Nd1 e5 12. Ne1 d5 13. exd5 Nxd5 14. Ne3 Nd4
15. Nxd5 Qxd5 16. c4 Qd6 17. Bxd4 cxd4 18. f4 Rae8 19. f5 e4 20. dxe4 Rxe4 21.
Nd3 Rfe8 22. Rae1 gxf5 23. Qa5 Be5 24. h3 b6 25. Qxa7 Bh2+ 26. Kh1 Rxe1 27. Rxe1
Re3 28. Rd1 Bg3 29. c5 Qe6 30. Qa6 bxc5 31. Qc4 Qe4 32. a4 f4 33. Qxc5 h6 34.
Qc8+ Kg7 35. Qg4+ Kf6 36. Qh5 Qxd3 37. Qxh6+ Qg6 0-1

[Event "Karpos Open 2013"]
[Site "Skopje MKD"]
[Date "2013.03.10"]
[Round "3.32"]
[White "Kanmazalp, Ogulcan"]
[Black "Kuljasevic, Davorin"]
[Result "1/2-1/2"]
[WhiteTitle "IM"]
[BlackTitle "GM"]
[WhiteElo "2372"]
[BlackElo "2564"]
[WhiteFideId "6304990"]
[BlackFideId "14506661"]
[EventDate "2013.03.09"]

1. e4 e5 2. Nf3 Nc6 3. Bb5 a6 4. Ba4 Nf6 5. O-O Be7 6. Re1 b5 7. Bb3 d6 8. c3
O-O 9. h3 Nb8 10. d4 Nbd7 11. Nbd2 Bb7 12. Bc2 Re8 13. Nf1 Bf8 14. Ng3 g6 15. a4
c5 16. d5 c4 17. Bg5 h6 18. Be3 Nc5 19. Qd2 h5 20. Bg5 Be7 21. Ra3 Nh7 22. Be3
Rb8 23. axb5 axb5 24. Qd1 Bf6 25. Nd2 Bc8 26. b4 cxb3 27. Nxb3 Na4 28. Nd2 Nb6
29. Qb1 Bd7 30. Qb4 Bg5 31. Ra7 Bxe3 32. Rxe3 Nc8 33. Ra6 Rb6 34. Rxb6 Qxb6 35.
Re1 Qc7 36. Bd3 Nb6 37. Bxb5 Bxb5 38. Qxb5 Rc8 39. c4 Nf6 40. Rb1 Nbd7 41. Qb3
Qa5 42. Qb4 Qa2 43. Qb2 Ra8 44. Qxa2 Rxa2 45. Ngf1 h4 46. g3 hxg3 47. fxg3 Nc5
48. Re1 Nfd7 49. Re3 Rc2 50. g4 Nb6 51. g5 Kf8 52. h4 Ke7 1/2-1/2